000 00766nam a2200229 u 4500
001 61322
005 20180714062916.0
008 140703s2012 ag r 000 0 spa d
020 _a978-987-629-123-1
082 0 _a306
_bBOU
100 1 _aBourdieu, Pierre,
_eautor
245 1 3 _aEl sentido social del gusto :
_belementos para una sociología de la cultura /
_cPierre Bourdieu.
250 _a1a. ed.
264 1 _aBuenos Aires, Argentina :
_bSiglo Veintiuno Editores,
_c2012
300 _a288 páginas ;
_c23 cm.
336 _atexto
_2rdacontent
337 _asin mediación
_2rdamedia
338 _avolumen
_2rdacarrier
490 0 _aBiblioteca Clásica de Siglo XXI
650 0 _aSociología de la cultura
700 1 _aGutiérrez, Alicia B.
999 _c61322
_d61322